Energy in Food Processing
Gespeichert in:
| 1. Verfasser: | |
|---|---|
| Format: | Buch |
| Sprache: | Undetermined |
| Veröffentlicht: |
The Netherlands
Elsevier
1986
|
| Schlagworte: | |
| Tags: |
Tag hinzufügen
Keine Tags, Fügen Sie den ersten Tag hinzu!
|
| Thư viện lưu trữ: | Trung tâm Học liệu Trường Đại học Cần Thơ |
|---|
| LEADER | 00554nam a2200193Ia 4500 | ||
|---|---|---|---|
| 001 | CTU_28290 | ||
| 008 | 210402s9999 xx 000 0 und d | ||
| 082 | |a 664 | ||
| 082 | |b S617 | ||
| 100 | |a Singh, R Paul | ||
| 245 | 0 | |a Energy in Food Processing | |
| 245 | 0 | |c R Paul Singh | |
| 260 | |a The Netherlands | ||
| 260 | |b Elsevier | ||
| 260 | |c 1986 | ||
| 650 | |a Food industry and trade,Food industry and trade | ||
| 650 | |x Energy consumption,Energy conservation | ||
| 904 | |i Sáng, 981218 | ||
| 980 | |a Trung tâm Học liệu Trường Đại học Cần Thơ | ||